Normal view
MARC view
- Exmoor (England)
Entry Geographic Name
001 - CONTROL NUMBER
- control field: 11774
003 - CONTROL NUMBER IDENTIFIER
- control field: NUST
005 - DATE AND TIME OF LATEST TRANSACTION
- control field: 20180718053828.0
008 - FIXED-LENGTH DATA ELEMENTS
- fixed length control field: 180718|| aca||aabn | a|a d
040 ## - CATALOGING SOURCE
- Original cataloging agency: NUST
- Transcribing agency: NUST
151 ## - HEADING--GEOGRAPHIC NAME
- Geographic name: Exmoor (England)
- Form subdivision: Fiction.
670 ## - SOURCE DATA FOUND
- Source citation: Work cat.: (NUST)173196: Blackmore, R. D. (Richard Doddridge), 1825-1900. 11736, Lorna Doone :, 1997.
